000
00315nam a22001337a 4500
999
_c
12756
_d
12756
020
_a
9789353433031
082
_a
512.5
100
_a
Kolman Bernard & Hill David.R
245
_a
Elementary Linear Algebra with Applications
250
_a
9th
260
_a
India
_b
Pearson
_c
2019
300
_a
614 pages
942
_c
BK